| 000 | 01473cam a2200361 i 4500 | ||
|---|---|---|---|
| 001 | 200459879 | ||
| 003 | TR-AnTOB | ||
| 005 | 20250716100528.0 | ||
| 007 | ta | ||
| 008 | 121031s2011 tu f00110 tur | ||
| 020 | _a9786056101717 | ||
| 040 |
_aBGZ _beng _erda _cTR-AnTOB _dTR-AnTOB |
||
| 041 | 1 |
_atur _aspa _heng |
|
| 050 | 1 | _aJN8209 | |
| 090 |
_aJN8209 _b.C66519 2011 |
||
| 240 | 1 | 0 |
_aCongress of diputies Spanish constitution and standing orders of the congress of deputies _lTurkish |
| 245 | 0 | 0 |
_aİspanya anayasası ve kongre içtüzüğü = _bconstitucion espanola y reglamento de las cortes generales / _cderleyenler ve İngilizceden çevirenler Doç. Dr. Ahmet Yıldız, Dr. Fahri Bakırcı. |
| 246 | 3 | 1 | _aConstitucion espanola y reglamento de las cortes generales |
| 250 | _aBirinci baskı: Ağustos 2011 | ||
| 264 | 1 |
_aAnkara : _bYasama Derneği, _c2011. |
|
| 300 |
_a344 pages ; _c20 cm |
||
| 336 |
_2rdacontent _atext _btxt |
||
| 337 |
_2rdamedia _aunmediated _bn |
||
| 338 |
_2rdacarrier _avolume _bnc |
||
| 500 | _aTranslation of :Constitucion espanola y reglamento de las cortes generales | ||
| 500 | _aIncludes index. | ||
| 500 | _aEnglish title :Congress of diputies Spanish constitution and standing orders of the congress of deputies | ||
| 650 | 7 |
_aAnayasalar _zİspanya _2etuturkob _975616 |
|
| 700 | 1 |
_aBakırcı, Fahri _989796 _eeditor, translator |
|
| 700 | 1 |
_aYıldız, Ahmet _992430 |
|
| 942 |
_2lcc _cBK |
||
| 999 |
_c200459879 _d78091 |
||